LEADER 01394nam a2200277 i 4500 001 000000212073 003 CaOOAMICUS 005 20211015100402.0 008 120326s1837 it u000 u mul u 013 $a190902 040 $aSeMil$bita 100 0 $aCornelius Nepos,$d.$0(OLS)http://semarc/name/31270 245 13$aLe vite degli eccellenti comandanti di Cornelio Nipote /$ctraduzione di Pierdomenico Soresi ; riveduta da A. R., fatti italiani anche i frammenti e le sceltissime annotazioni de' vari. 246 01$aDe excellentibus ducibus exterarum gentium 260 $aVenezia :$bTip. di Giuseppe Antonelli,$c1837. 300 $a423 col. ;$c27 cm. 490 1 $aBiblioteca degli scrittori latini : con testo a fronte 500 $aFront. e testo originale a fronte. 700 1 $aSoresi, Pier Domenico.$0(OLS)http://semarc/name/21489 830 0$aBiblioteca degli scrittori latini : con testo a fronte.$0(OLS)http://semarc/title/35760 850 $aSeMil 852 $aSeMil$W1$xVenegono$y1$m1X IV 41/A FA$j162508$B162508$CSeMilBibl$Z2$F173752 $8I 996 $6245$aLe vite degli eccellenti comandanti di Cornelio Nipote$9(OLS)http://semarc/title/306228 996 $6246$aDe excellentibus ducibus exterarum gentium$9(OLS)http://semarc/title/306229 996 $6260$aVenezia :$bTip. di Giuseppe Antonelli$9(OLS)http://semarc/publisher/52626 LEADER 00504nab a2200169 i 4500 001 000000274503 003 CaOOAMICUS 005 20190402154211.0 008 110110n xx uu u0 0und r 013 $a23031 040 $aSeMil$bita 245 10$a2010 : 4. 500 $aContiene : Kant-Bibliographie 2008. 773 0 $t2010.$dBerlin ; New York : De Gruyter, copyr. 2010.$w()188107 774 0 $tKant-Bibliographie 2008.$w()317380 996 $6245$a2010 : 4$9(OLS)http://semarc/title/296585